<?xml version="1.0" encoding="UTF-8"?>
<collection xmlns="http://www.loc.gov/MARC21/slim">
 <record>
  <leader>00386pamaa2200133   4500</leader>
  <controlfield tag="001">0000036190</controlfield>
  <controlfield tag="005">20060119090000.0</controlfield>
  <datafield tag="020" ind1="0" ind2="0">
   <subfield code="a">983884067X (pbk) </subfield>
  </datafield>
  <datafield tag="082" ind1=" " ind2=" ">
   <subfield code="a">323.352 VAL</subfield>
  </datafield>
  <datafield tag="090" ind1="0" ind2="0">
   <subfield code="a">HQ799.9.P6 </subfield>
   <subfield code="b">VAL</subfield>
  </datafield>
  <datafield tag="245" ind1="1" ind2="0">
   <subfield code="a">VALUES of Democracy and Youth  </subfield>
   <subfield code="c">edited by Nurul Mu'azOmar.</subfield>
  </datafield>
  <datafield tag="260" ind1="0" ind2="0">
   <subfield code="a">Kuala Lumpur: </subfield>
   <subfield code="b">Institut Kajian Dasar (IKD), </subfield>
   <subfield code="c">2003.</subfield>
  </datafield>
  <datafield tag="300" ind1=" " ind2=" ">
   <subfield code="a">45p.; </subfield>
   <subfield code="c">21 cm.</subfield>
  </datafield>
  <datafield tag="650" ind1="0" ind2="0">
   <subfield code="a">Civil right - Youth </subfield>
  </datafield>
 </record>
</collection>
